Etimología vortaro de esperanto. Volumo 4: N - R

Guardado en:
書目詳細資料
主要作者: Vilborg, Ebbe
格式: 圖書
語言:Spanish
出版: Malmo, Suecia Eldona Societo Esperanto 1995
主題:
標簽: 添加標簽
沒有標簽, 成為第一個標記此記錄!

MARC

LEADER 00000nam a22000007a 4500
008 180518b xxu||||| |||| 00| 0 spa d
040 |a cru BVZT 
090 |a R-413 V-1e v.4 (N-R)  
100 |a Vilborg, Ebbe  
245 |a Etimología vortaro de esperanto. Volumo 4: N - R   |c Ebbe Vilborg 
260 |a Malmo, Suecia  |b Eldona Societo Esperanto  |c 1995 
300 |a 124 páginas. Vol. 4: N - R 
650 |a REFERENCIA   |9 27 
650 |a EN IDIOMA ESPERANTO  
650 |a ETIMOLOGÍA VORTARO DE ESPERANTO  
650 |a VOLUMO 4: N - R  
942 |2 z  |c REF 
999 |c 30507  |d 30507